Statystyki dla Rozpoznaj grę po słynnym cytacie

Kliknij tutaj aby rozwiązać quiz!

Ogólne statystyki

  • Ten quiz został rozwiązany 62 razy
  • Średni wynik to 4 z 15

Statystyki odpowiedzi

CytatGra% Poprawnych
Ah shit, here we go againGTA San Andreas
79%
Powiedz mi, czy to z przodu twojej głowy to twarz czy dupa?Gothic
77%
Thank You(...), but princess is in another castleSuper Mario bros.
41%
We are rushing them, or we are doing sneaky beaky likeCounter Strike Global Offensive
36%
Wybacz, Umawiam się tylko z platynową dywizjąLeague of Legends
36%
Przed wyruszeniem w drogę należy zebrać drużynęBaldur's Gate
30%
Chcesz usłyszeć fraszkę?Wiedźmin III
27%
It's High NoonOverwatch
25%
Gotta go fastSonic The Hedgehog
25%
I used to be an adventurer like you, then i took an arrow in the kneeThe Elder Scrolls V Skyrim
21%
It's a beautiful day outside. birds are singing, flowers are blooming... on days like these, kids like you... Should be burning in hell.Undertale
11%
No one escapes the lawPaladins
7%
This is gonna be a real piece'a piss, you bloody fruit shop ownersTeam Fortress 2
7%
It's not my fault. I have this fat, plastic fingers and can't press the buttonsUltimate Custom Night
2%
All your base are belong to usZero Wing
2%

Rozkład punktacji

Percentyl według liczby udzielonych odpowiedzi

Procent ludzi z każdym wynikiem

Twoja historia wyników

Nie rozwiązałeś tego quizu